Catálogo
 En Linea

Crónicas de emigrantes / (Registro nro. 48202)

Detalles MARC
000 -CABECERA
campo de control de longitud fija 00580nam a2200193 a 4500
001 - NÚMERO DE CONTROL
campo de control 000048714
005 - FECHA Y HORA DE LA ÚLTIMA TRANSACCIÓN
campo de control 20201002061342.0
008 - DATOS DE LONGITUD FIJA--INFORMACIÓN GENERAL
campo de control de longitud fija 190410s2016 sp ac 000 0 spa d
020 ## - NÚMERO INTERNACIONAL ESTÁNDAR DEL LIBRO
Número Internacional Estándar del Libro 9788416821341
040 ## - FUENTE DE LA CATALOGACIÓN
Centro catalogador/agencia de origen DO-SdBNP
Lengua de catalogación spa
Centro/agencia transcriptor BNPHU
082 ## - NÚMERO DE LA CLASIFICACIÓN DECIMAL DEWEY
Número de clasificación xxxx
Número de documento/Ítem R173c
100 1# - ENTRADA PRINCIPAL--NOMBRE DE PERSONA
Nombre de persona Ramírez Familia, Carmen Julia,
Fechas asociadas al nombre 1984-
9 (RLIN) 76173
245 10 - MENCIÓN DE TÍTULO
Título Crónicas de emigrantes /
Mención de responsabilidad, etc. Carmen Julia Ramírez Familia.
260 ## - PUBLICACIÓN, DISTRIBUCIÓN, ETC.
Lugar de publicación, distribución, etc. Madrid :
Nombre del editor, distribuidor, etc. Fussion Editorial,
Fecha de publicación, distribución, etc. 2016.
300 ## - DESCRIPCIÓN FÍSICA
Extensión 156 p. :
Otras características físicas il., retrs. ;
Dimensiones 21 cm.
490 1# - MENCIÓN DE SERIE
Mención de serie Ensayo
590 ## - NOTA LOCAL (RLIN)
Nota local Inventariado, 2019/LP
830 #0 - PUNTO DE ACCESO ADICIONAL DE SERIE-TÍTULO UNIFORME
Título uniforme Ensayo
9 (RLIN) 3177
Existencias
Estado de retiro Estado de pérdida Restricciones de uso No para préstamo Código de colección Localización permanente Ubicación/localización actual Ubicación en estantería Fecha de adquisición Número de inventario Total de préstamos Signatura topográfica completa Código de barras Fecha visto por última vez Número de copia Precio válido a partir de Tipo de ítem Koha
        Monografías: Libros y Folletos General General Depósito 10.04.2019 LF1   xxxx R173c 48714-30 25.06.2020 e.3 25.06.2020 Préstamo en sala
        Monografías: Libros y Folletos General General Depósito 10.04.2019 LF1   xxxx R173c 48714-40 25.06.2020 e.4 25.06.2020 Préstamo en sala
      Excluido de préstamo Monografías: Libros y Folletos General General Depósito 10.04.2019 LF1   xxxx R173c 48714-50 25.06.2020 e.5 25.06.2020 No se presta
      Excluido de préstamo Monografías: Libros y Folletos Patrimonio Dominicano Patrimonio Dominicano Depósito 10.04.2019 LF1   xxxx R173c 48714-10 25.06.2020   25.06.2020 No se presta
      Excluido de préstamo Monografías: Libros y Folletos Patrimonio Dominicano Patrimonio Dominicano Depósito 10.04.2019 LF1   xxxx R173c 48714-20 25.06.2020 e.2 25.06.2020 No se presta

Con tecnología Koha